Normal view
MARC view
- Employees
Entry Topical Term
001 - CONTROL NUMBER
- control field: 38983
003 - CONTROL NUMBER IDENTIFIER
- control field: OSt
005 - DATE AND TIME OF LATEST TRANSACTION
- control field: 20160105145749.0
008 - FIXED-LENGTH DATA ELEMENTS
- fixed length control field: 160105|| aca||babn | a|a d
040 ## - CATALOGING SOURCE
- Original cataloging agency: OSt
150 ## - HEADING--TOPICAL TERM
- Topical term or geographic name as entry element: Employees
- General subdivision: Recruiting
450 ## - SEE FROM TRACING--TOPICAL TERM
- Topical term or geographic name entry element: Recruiting of employees
450 ## - SEE FROM TRACING--TOPICAL TERM
- Topical term or geographic name entry element: Recruitment of employees
550 ## - SEE ALSO FROM TRACING--TOPICAL TERM
- Topical term or geographic name entry element: Manpower planning
550 ## - SEE ALSO FROM TRACING--TOPICAL TERM
- Topical term or geographic name entry element: Personnel management
550 ## - SEE ALSO FROM TRACING--TOPICAL TERM
- Topical term or geographic name entry element: Employment agencies